[Event "Samara Polugaevsky Memorial 7th"]
[Site "Samara"]
[Date "2017.07.08"]
[Round "1"]
[White "Erokhova, Violetta"]
[Black "Dmitriev, Igor"]
[Result "1/2-1/2"]
[WhiteElo "1687"]
[BlackElo "2235"]
[PlyCount "185"]
[EventDate "2017.07.08"]
[EventType "swiss"]
[EventRounds "9"]
[EventCountry "RUS"]
[SourceTitle "EXT 2018"]
[Source "ChessBase"]
[SourceDate "2017.10.13"]
[SourceVersion "1"]
[SourceVersionDate "2017.10.13"]
[SourceQuality "1"]

1. e4 a6 2. d4 d6 3. Nc3 e6 4. Be3 Nd7 5. f3 b5 6. Nge2 Ne7 7. Qd2 Bb7 8. a4 b4 9. Nd1 a5 10. c3 d5 11. Nf2 dxe4 12. fxe4 Nf6 13. Ng3 Nc8 14. Bd3 Be7 15. 0-0 h5 16. e5 Nd5 17. Nge4 Nxe3 18. Qxe3 Nb6 19. Nh3 0-0 20. Qe2 g6 21. Nf4 bxc3 22. bxc3 Nd5 23. Kh1 Nxf4 24. Rxf4 Bxe4 25. Qxe4 Qd5 26. Raf1 Qxe4 27. Bxe4 Rad8 28. Bc6 Kg7 29. g3 f6 30. exf6+ Rxf6 31. Rxf6 Bxf6 32. Rb1 e5 33. Rb7 exd4 34. Rxc7+ Kh6 35. cxd4 Rxd4 36. Rd7 Rc4 37. Bb5 Rc1+ 38. Kg2 Rc2+ 39. Kg1 h4 40. Rd1 Kg7 41. Rd7+ Kh6 42. Rd6 Kg7 43. Rd7+ Kf8 44. gxh4 Bxh4 45. Rd3 Be7 46. h3 g5 47. Kf1 Kf7 48. Kg1 Kf6 49. Kf1 Bc5 50. Ke1 Rh2 51. Kd1 Bb4 52. Kc1 Ke5 53. Kb1 Ke4 54. Kc1 Bc5 55. Rg3 Be3+ 56. Kd1 Bf4 57. Bc6+ Kd4 58. Rf3 Kc5 59. Bb5 Kd5 60. Rb3 Kd4 61. Rf3 Be3 62. Rg3 Rd2+ 63. Ke1 Bf4 64. Rf3 Rb2 65. Kd1 Ke4 66. Bc6+ Ke5 67. Bb5 Rd2+ 68. Ke1 Ra2 69. Rb3 Rc2 70. Rf3 Kd4 71. Kd1 Rb2 72. Ke1 Bd2+ 73. Kd1 Bb4 74. Rg3 Be7 75. Rf3 Bd6 76. Rd3+ Ke5 77. Rf3 Bb4 78. Rg3 Kf4 79. Rg4+ Kf5 80. Rg3 Kf4 81. Rg4+ Kf5 82. Rg3 Kg6 83. Rf3 Kh5 84. Rd3 Kh4 85. Bd7 Ra2 86. Kc1 Rf2 87. Kd1 Rf7 88. Bb5 Re7 89. Bc6 Re6 90. Bd7 Re1+ 91. Kc2 Re7 92. Bf5 Re5 93. Bd7 1/2-1/2

[Event "RUS-chT U14 Girls"]
[Site "Sochi"]
[Date "2016.05.06"]
[Round "6.2"]
[White "Krupnova, Anna"]
[Black "Erokhova, Violetta"]
[Result "1-0"]
[WhiteElo "1595"]
[BlackElo "1653"]
[PlyCount "127"]
[EventDate "2016.05.01"]
[EventType "team-tourn"]
[EventRounds "10"]
[EventCountry "RUS"]
[SourceTitle "EXT 2018"]
[Source "ChessBase"]
[SourceDate "2017.10.13"]
[SourceVersion "1"]
[SourceVersionDate "2017.10.13"]
[SourceQuality "1"]

1. e4 c6 2. d4 d5 3. Nc3 dxe4 4. Nxe4 Nf6 5. Nxf6+ gxf6 6. c3 Bf5 7. Bd3 Bg6 8. h4 Qc7 9. h5 Bxd3 10. Qxd3 Nd7 11. Ne2 0-0-0 12. Bf4 e5 13. Be3 Kb8 14. 0-0-0 Nb6 15. Qf5 Nd5 16. Bd2 Qc8 17. Qc2 Qg4 18. Ng3 exd4 19. cxd4 Bd6 20. Qe4 Rdg8 21. Qxg4 Rxg4 22. Nf5 Bc7 23. g3 Re8 24. Rhe1 Rd8 25. Re2 Bb6 26. Rde1 Rgg8 27. Nh6 Rgf8 28. Nf5 Rg8 29. f3 Bc7 30. g4 Bf4 31. Re4 Bxd2+ 32. Kxd2 Kc7 33. Ne7 Nxe7 34. Rxe7+ Rd7 35. Kc3 Rg5 36. R1e4 Rgd5 37. Rxd7+ Kxd7 38. b4 a5 39. a3 axb4+ 40. axb4 h6 41. Rf4 Ke6 42. Re4+ Kd7 43. Kc4 Rg5 44. Re3 b5+ 45. Kc3 Rd5 46. f4 Kd8 47. Rg3 Ke7 48. Kd3 Ke6 49. Re3+ Kd7 50. Ke4 Kc7 51. Rg3 Kd7 52. g5 fxg5 53. fxg5 Ke7 54. g6 f5+ 55. Kd3 Kf8 56. Re3 Rd6 57. Re5 Rf6 58. Ke3 f4+ 59. Kf3 Kg8 60. d5 c5 61. bxc5 b4 62. Re4 b3 63. Rb4 Rf5 64. c6 1-0